00287nam a22000977a 4500008004100000041000800041080001000049100000600059101001200065245011200077180605b xxu||||| |||| 00| 0 eng d aeng a043.3 a0 aSHKI-BA aERP Implementation in the Small - Medium Enterprises Emphasis on RWC - Pristina ImplementationcMurtezaj, F